000 00243nam a2200085Ia 4500
245 0 _aThe new humanities reader
100 _a Miller, Richard E Boston, MA, 2009 3rd ed
_980826
942 _cBK
008 210817s9999 xx 000 0 und d
999 _c285237
_d285236